000
00316nam a2200133Ia 4500
008
150201s2007 xx 000 0 und d
082
_a
616.07
_b
B07K
100
_a
ABBAS,KUMAR
245
_a
ROBBINS BASICS PATHOLOGY
250
_a
8TH
260
_b
ELSEVIER
_a
DELHI
_c
2007
650
_a
PATHOLOGY
942
_2
ddc
_c
BK
_0
24
999
_c
1174
_d
1174